IASLIC BULLETIN (Record no. 2598)
[ view plain ]
| 000 -LEADER | |
|---|---|
| fixed length control field | 00466nam a2200145Ia 4500 |
| 022 ## - INTERNATIONAL STANDARD SERIAL NUMBER | |
| ISSN | 0018-8441 |
| 245 #0 - TITLE STATEMENT | |
| Title | IASLIC BULLETIN |
| 260 ## - PUBLICATION, DISTRIBUTION, ETC. (IMPRINT) | |
| Name of publisher | Indian Association of Special Libraries and Information Centre, Calcutta |
| Place of publication | India |
| 310 ## - CURRENT PUBLICATION FREQUENCY | |
| Current publication frequency | Q |
| 500 ## - GENERAL NOTE | |
| General note | Ending Volume & Year: 45, 2000 |
| 500 ## - GENERAL NOTE | |
| General note | Missing Volume: 16;18-19;22;36(3);37(1);41(4);42(2);43(2) |
| 500 ## - GENERAL NOTE | |
| General note | Starting Volume & Year: 8, 1963 |
| 942 ## - ADDED ENTRY ELEMENTS (KOHA) | |
| Koha item type | Bound Journal |
| Withdrawn status | Lost status | Damaged status | Not for loan | Home library | Current library | Date acquired | Accession Number | Koha item type |
|---|---|---|---|---|---|---|---|---|
| Bound journals | RRII Library | RRII Library | 31/12/2021 | 02554J | Bound Journal |